000 00301nam a22001337a 4500
008 181029b xxu||||| |||| 00| 0 eng d
020 _a9780321076618
041 _aeng
080 _a321
100 _a19
101 _aSHP
245 _aInternational Political Economy
_cOatley, Th
942 _2udc
_cBK
999 _c51051
_d51051